Využívanie verejných financií na riešenie externalít bakalárska práca

Guardado en:
Detalles Bibliográficos
Autor principal: Majerníková, Veronika
Autor Corporativo: Národohospodárska fakulta EU. Katedra financií
Otros Autores: Péliová, Jana, 1976-
Formato: Libro
Lenguaje:eslovaco
Publicado: Bratislava 2021
Etiquetas: Agregar Etiqueta
Sin Etiquetas, Sea el primero en etiquetar este registro!

MARC

LEADER 00000nbm a2200000 4500
001 0275174
005 20211210124837.6
041 0 |a slo 
044 |a SK 
245 1 0 |a Využívanie verejných financií na riešenie externalít  |b bakalárska práca  |c Veronika Majerníková ; školiteľ: Jana Péliová 
264 1 |a Bratislava  |c 2021 
300 |a 47 s. 
100 1 |a Majerníková, Veronika 
700 1 |a Péliová, Jana, 1976- 
710 2 |a Národohospodárska fakulta EU. Katedra financií